| 000 | 00645nam a22001697a 4500 | ||
|---|---|---|---|
| 020 | _qHard Cover. | ||
| 082 | _a621.3 | ||
| 100 | _aMuhammad Afsah Hassan ; Farooq, Qamar ; Sarfarz, Kamran | ||
| 245 |
_aDesign and Development of a product Detector / _cMuhammad Afsah Hassan ; Qamar Farooq, Kamran Sarfaraz. |
||
| 260 |
_aIslamabad : _bSEEECS - NUST, _c2019. |
||
| 300 |
_a38 p. : ill. ; _c30cm. |
||
| 650 |
_aElectrical Engineering -Project Report _930780 |
||
| 700 |
_aDr. Salman Ghafoor. _930789 |
||
| 856 | _uhttp://10.250.8.41:8080/xmlui/handle/123456789/29561 | ||
| 942 |
_2ddc _cPR |
||
| 999 |
_c535875 _d535875 |
||